| 000 | 00000nam##2200000za#4500 |
| 001 | 9.604807 |
| 003 | CaOODSP |
| 005 | 20210624211808 |
| 007 | cr ||||||||||| |
| 008 | 150406|1997||||xxc|||||o f|0| 0 fre|d |
| 040 | |aCaOODSP|bfre |
| 043 | |an-cn--- |
| 086 | 1 |aFo29-47/2-1997F-PDF |
| 110 | 1 |aCanada.|bRessources naturelles Canada. |bService canadien des forêts. |
| 245 | 14|aUne méthode d'évaluation sur le terrain des débris ligneux grossiers|h[ressource électronique]|c[par] S.W. Taylor. |
| 260 | |aVictoria - Colombie Britannique : |bRessources naturelles Canada. |c1997. |
| 300 | |a6p.|btableaux |
| 490 | 1 |aNotes de transfert technologique|vN° 2, septembre 1997 |
| 500 | |aLe n° de catalogue et l'ISSN de l'édition imprimée apparaissent dans cette version électronique. |
| 590 | |a12-40-Supp|b2012-10-23 |
| 720 | 1 |aTaylor, S. W. |
| 775 | 08|tA field estimation procedure for downed coarse woody debris|w(CaOODSP)9.572356 |
| 776 | 0#|tUne méthode d'évaluation sur le terrain des débris ligneux grossiers|w(CaOODSP)9.624435 |
| 830 | #0|aNotes de transfert technologique ;|vN° 2, septembre 1997|w(CaOODSP)9.501177 |
| 856 | 40|ahttp://publications.gc.ca|qPDF|s62 Ko|uhttps://publications.gc.ca/collections/collection_2012/rncan-nrcan/Fo29-47-2-1997-fra.pdf|yN° 2, septembre 1997 |